| 000 | 00453nam a2200181Ia 4500 | ||
|---|---|---|---|
| 005 | 20250423100309.0 | ||
| 008 | 250422s9999 xx 000 0 und d | ||
| 020 | _a9780465072743 | ||
| 050 | _aQA 93 .S74/ | ||
| 100 | _aStewart, Ian | ||
| 245 | 0 | _aNature’s Numbers: the unreal reality of mathematics | |
| 260 | _aNew York | ||
| 260 | _bBasic Books | ||
| 260 | _c1995 | ||
| 300 | _a164 p | ||
| 650 | _aMathematics--Popular works. | ||
| 942 | _cBK | ||
| 999 |
_c32875 _d32875 |
||